Cities of Somaliland - Statistics

General Stats
  • This quiz has been taken 11 times
  • The average score is 4 of 23
Answer Stats
Population Hint City % Correct
1,200,000 H Hargeisa
100%
542,344 B Berbera
80%
300,000 B Borama
40%
1,500,000 B Burao
40%
156,438 L Las Anod
30%
148,702 B Baki
20%
18,600 Z Zeila
20%
18,000 B Baligubadle
10%
180,000 E Erigavo
10%
141,000 G Gabiley
10%
- S Salahlay
10%
50,000 A Aynaba
0%
70,000 B Badhan
0%
11,373 B Buhoodle
0%
6,000 D Dhahar
0%
60,000 E El Afweyn
0%
10,000 G Garadag
0%
3,258 H Hudun
0%
75,000 L Lughaya
0%
60,000 O Odweyne
0%
65,000 S Sheikh
0%
4,374 T Taleh
0%
70,450 T Tog Wajaale
0%
No matching quizzes found
Score Distribution
Percent of People with Each Score
Percentile by Number Answered
Your Score History
You have not taken this quiz